Zbierka príkladov v COBOL-e riešených v operačných systémoch DOS/JS a OS/JS

Uložené v:
Podrobná bibliografia
Médium: Kniha
Jazyk:Slovak
Vydavateľské údaje: Bratislava Datasystém 1982
Tagy: Pridať tag
Žiadne tagy, Buďte prvý, kto otaguje tento záznam!

MARC

LEADER 00000nam a2200000 4500
001 c133930
005 20140319145702.8
041 0 |a slo 
044 |a SK 
245 1 0 |a Zbierka príkladov v COBOL-e riešených v operačných systémoch DOS/JS a OS/JS 
264 1 |a Bratislava  |b Datasystém  |c 1982 
300 |a 236 s.